STN EN 26360-2 + A1 Stomatológia Stomatologické rotačné nástroje. Systém číselného kódovania. Časť 2: Tvar a osobitné vlastnosti (obsahuje Zmenu A1:1991)

Bibliographic Details
Format: Book
Language:Undetermined
Published: Bratislava Úrad pre normalizáciu, metrológiu a skúšobnícrvo SR 1999

MARC

LEADER 00000nam a2200000 a 4500
001 vtls001363351
003 SK-MaSNL
005 20260224022604.0
008 180126sm y0 xo 0 und
035 |a SNK000316964 
040 |a SNK  |b slo  |c SNK  |e AACR2 
044 |a xo  |c SK 
245 1 |a STN EN 26360-2 + A1 Stomatológia  |b Stomatologické rotačné nástroje. Systém číselného kódovania. Časť 2: Tvar a osobitné vlastnosti (obsahuje Zmenu A1:1991) 
260 |a Bratislava  |b Úrad pre normalizáciu, metrológiu a skúšobnícrvo SR  |c 1999 
300 |a 88 s. 
999 |c 807521  |d 809451 
952 |t P60, <03>, [BOOK], {603}  |a SNK  |b SNK  |y PREZ  |7 0  |p 17A0192830  |o snkSTN EN 26360-2 + A1  |i snkN 1267/99  |0 0  |1 0  |4 0  |d 1999-05-14  |l 0  |r 2005-01-02 00:00:00  |w 2026-02-24 
952 |t P60, <04>, [BOOK], {604}  |a SNK  |b SNK  |y VYP  |7 0  |p 17A0192831  |o snkSTN EN 26360-2 + A1 D1  |i snkN 1268/99  |0 0  |1 0  |4 0  |d 1999-05-14  |l 0  |r 2005-01-02 00:00:00  |w 2026-02-24